书目信息 |
| 题名: |
中外新颖家具图册
|
|
| 作者: | 张寅钧 编 | |
| 分册: | ||
| 出版信息: | 北京 人民交通出版社 1983.9 |
|
| 页数: | 360页 | |
| 开本: | 26cm | |
| 丛书名: | ||
| 单 册: | ||
| 中图分类: | TS664-64 | |
| 科图分类: | ||
| 主题词: | 木制品 | |
| 电子资源: | ||
| ISBN: | ||
| 000 | 00499nam0 2200181 45 | |
| 001 | 0181011375 | |
| 005 | 20060728083800.01 | |
| 010 | @dCNY2.80 | |
| 100 | @a20810111d km y0chiy0120 ea | |
| 101 | 0 | @achi |
| 200 | 1 | @a中外新颖家具图册@Azhogn wai xin ying jia ju tu ce@f张寅钧等编@Fzhang yin jun |
| 210 | @a北京@c人民交通出版社@d1983.9 | |
| 215 | @a360页@d26cm | |
| 606 | 0 | @a木制品 |
| 690 | @aTS664-64@v3 | |
| 701 | 0 | @a张寅钧@Azhang yin jun@4编 |
| 801 | @aCN@bTSTC@c20060728 | |
| 905 | @dTS664-64@e42 | |
| 中外新颖家具图册/张寅钧等编.-北京:人民交通出版社,1983.9 |
| 360页;26cm |
| ISBN :CNY2.80 |
| ● |
| 相关链接 |
|
|
|
|
正题名:中外新颖家具图册
索取号:TS664-64/42
 
预约/预借
| 序号 | 登录号 | 条形码 | 馆藏地/架位号 | 状态 | 备注 |
| 1 | 0094222 | 202279729 | 密集书库/ [索取号:TS664-64/42] | 在馆 | |
| 2 | 0094223 | 001476806 | 第二样本阅览室/ [索取号:TS664-64/42] | 在馆 | |
| 3 | 0437206 | 204372062 | 密集书库/ [索取号:TS664-64/42] | 在馆 | |
| 4 | 0438711 | 204387118 | 密集书库/ [索取号:TS664-64/42] | 在馆 |